<?xml version="1.0" encoding="UTF-8"?>
<record
    xmlns:xsi="http://www.w3.org/2001/XMLSchema-instance"
    xsi:schemaLocation="http://www.loc.gov/MARC21/slim http://www.loc.gov/standards/marcxml/schema/MARC21slim.xsd"
    xmlns="http://www.loc.gov/MARC21/slim">

  <leader>01307nam a22003137a 4500</leader>
  <controlfield tag="005">20161123161138.0</controlfield>
  <controlfield tag="008">130909s2000    ck abdogr     00010 spa d</controlfield>
  <datafield tag="020" ind1=" " ind2=" ">
    <subfield code="a">9789588448282</subfield>
  </datafield>
  <datafield tag="041" ind1="0" ind2=" ">
    <subfield code="a">spa</subfield>
  </datafield>
  <datafield tag="044" ind1=" " ind2=" ">
    <subfield code="a">ck</subfield>
  </datafield>
  <datafield tag="082" ind1=" " ind2=" ">
    <subfield code="a">910.285</subfield>
    <subfield code="b">I62t</subfield>
  </datafield>
  <datafield tag="110" ind1="2" ind2=" ">
    <subfield code="9">3449</subfield>
    <subfield code="a">Instituto de Investigaciones Marinas y Costeras - INVEMAR</subfield>
  </datafield>
  <datafield tag="245" ind1="0" ind2="0">
    <subfield code="a">Teledetecci&#xF3;n aplicada al ordenamiento ambiental del Distrito de Manejo Integrado Cispat&#xE1;</subfield>
    <subfield code="c">Instituto de Investigaciones Marinas y Costeras (INVEMAR) ; editores: Paula Cristina Sierra-Correa, Leonardo G&#xF3;nima</subfield>
  </datafield>
  <datafield tag="260" ind1=" " ind2=" ">
    <subfield code="a">Bogot&#xE1;</subfield>
    <subfield code="b">Alianza Ediprint Ltda. - Guerra Editores</subfield>
    <subfield code="c">2000</subfield>
  </datafield>
  <datafield tag="300" ind1=" " ind2=" ">
    <subfield code="a">79 p.</subfield>
    <subfield code="b">il., mapas, tablas, gr&#xE1;ficas</subfield>
    <subfield code="c">21 cm</subfield>
  </datafield>
  <datafield tag="490" ind1="1" ind2=" ">
    <subfield code="a">Serie de publicaciones especiales de INVEMAR</subfield>
  </datafield>
  <datafield tag="504" ind1=" " ind2=" ">
    <subfield code="a">Incluye bibliograf&#xED;a (paginas 78, 79)</subfield>
  </datafield>
  <datafield tag="650" ind1=" " ind2="4">
    <subfield code="a">Teledetecci&#xF3;n</subfield>
    <subfield code="z"> Cispat&#xE1;</subfield>
    <subfield code="9">10840</subfield>
  </datafield>
  <datafield tag="650" ind1=" " ind2="4">
    <subfield code="a">Sensoramiento Remoto</subfield>
    <subfield code="z">Cispat&#xE1;</subfield>
    <subfield code="9">10841</subfield>
  </datafield>
  <datafield tag="650" ind1=" " ind2="4">
    <subfield code="a">Distrito de Manejo Integrado</subfield>
    <subfield code="z">Cispat&#xE1;</subfield>
    <subfield code="9">10842</subfield>
  </datafield>
  <datafield tag="650" ind1=" " ind2="4">
    <subfield code="a">Caribe colombiano</subfield>
    <subfield code="z">Cispat&#xE1;</subfield>
    <subfield code="9">10843</subfield>
  </datafield>
  <datafield tag="650" ind1=" " ind2="4">
    <subfield code="a">Ordenamiento Costero</subfield>
    <subfield code="z">Cispat&#xE1;</subfield>
    <subfield code="9">10844</subfield>
  </datafield>
  <datafield tag="650" ind1=" " ind2="4">
    <subfield code="a">Zona Costera</subfield>
    <subfield code="z">Cispat&#xE1;</subfield>
    <subfield code="9">10845</subfield>
  </datafield>
  <datafield tag="650" ind1=" " ind2="4">
    <subfield code="z">Cispat&#xE1;</subfield>
    <subfield code="9">10846</subfield>
  </datafield>
  <datafield tag="650" ind1=" " ind2="4">
    <subfield code="z">Cispat&#xE1;</subfield>
    <subfield code="9">10847</subfield>
  </datafield>
  <datafield tag="700" ind1="1" ind2=" ">
    <subfield code="a">G&#xF3;nima, Leonardo</subfield>
    <subfield code="e">editor</subfield>
    <subfield code="9">10849</subfield>
  </datafield>
  <datafield tag="700" ind1="1" ind2=" ">
    <subfield code="9">10848</subfield>
    <subfield code="a">Sierra-Correa, Paula Cristina</subfield>
    <subfield code="e">editor</subfield>
  </datafield>
  <datafield tag="942" ind1=" " ind2=" ">
    <subfield code="2">ddc</subfield>
    <subfield code="c">Impreso</subfield>
  </datafield>
  <datafield tag="999" ind1=" " ind2=" ">
    <subfield code="c">8148</subfield>
    <subfield code="d">8148</subfield>
  </datafield>
  <datafield tag="952" ind1=" " ind2=" ">
    <subfield code="0">0</subfield>
    <subfield code="1">0</subfield>
    <subfield code="2">ddc</subfield>
    <subfield code="4">0</subfield>
    <subfield code="7">0</subfield>
    <subfield code="8">GENERAL</subfield>
    <subfield code="I">INV2017</subfield>
    <subfield code="a">Bogota</subfield>
    <subfield code="b">Bogota</subfield>
    <subfield code="d">2014-02-25</subfield>
    <subfield code="e">Instituto</subfield>
    <subfield code="g">39000.00</subfield>
    <subfield code="l">0</subfield>
    <subfield code="o">LB-910.285 I62t</subfield>
    <subfield code="p">034013</subfield>
    <subfield code="r">2014-02-25 00:00:00</subfield>
    <subfield code="t">Ej. 1</subfield>
    <subfield code="w">2014-02-25</subfield>
    <subfield code="x">Donaci&#xF3;n</subfield>
    <subfield code="y">LIBRO</subfield>
  </datafield>
</record>
